Personnages blonds dans les mangas / animés - Statistiques

Statistiques générales
  • Ce quiz a été pris 199 fois
  • Le résultat moyen est 8 sur 19
Answers on the Grid
Answers color-coded by a green-red scale on the quiz's grid according to % correct below.
Iguro Obanai
Hanzo de la Salamandre
Kurapika
Aizawa Shota
Joan Liebert
King (One Punch Man)
Minato Namikaze
Détective Conan
Sanji
Kohaku (Dr Stone)
Uryu Ishida
Jean Kirstein (Snk)
Lucy Heartfilia
Winry Rockbell
Historia Reiss
Noelle Silva
Sailor Moon
Bonclay Mr.2
Meliodas
Erm (Frieren)
Envy
Draken
Ryota Kise
Power
Lisa Lisa (Jojo's Bizarre Adventure)
Yotanwa
Super Baby Vegeta 2
Thorkell
Misa Amane
Toka (Tokyo Ghoul)
Shinji Hirako
C-18
 
Statistiques - réponses
Réponse % Correct
Sanji
88%
Kurapika
82%
Minato Namikaze
71%
Meliodas
59%
Lucy Heartfilia
58%
Sailor Moon
56%
Historia Reiss
54%
Draken
49%
King (One Punch Man)
49%
Misa Amane
44%
Joan Liebert
41%
C-18
40%
Thorkell
33%
Ryota Kise
29%
Kohaku (Dr Stone)
26%
Winry Rockbell
21%
Shinji Hirako
14%
Power
12%
Yotanwa
11%
Aucun quiz correspondant
Distribution des résultats
% des personnes avec chaque résultat
Percentile par nombre de réponses
Votre historique - résultats
Vous n’avez pas pris ce quiz